000 00955nam a2200181Ia 4500
999 _c49193
_d49193
001 16104
003 GE_BSU
005 20241210112939.0
008 181216s||||||||xx |||||||||||||| ||und||
040 _cGE_BSU
041 _ageo
080 _a1(479.22) ფ–56
245 _aფილოსოფიური ძიებანი (კრებული მეათე) :
_b10 წელი საიუბილეო გამოცემა Philosophical investigations /
_cრედ. : სერგი ავალიანი ; სარედ. კოლეგია გურამ ასათიან, გ. ბარამიძე, ა. ბრეგაძე ; საქ. ფილოსოფ. მეცნ. აკადემია .
264 _aთბილისი :
_bუნივერსალი,
_c2006.
300 _a359 გვ. ;
_c20 სმ.
653 _aფილოსოფიური ძიებანი
942 _cBK
_2udc